000 00709nam a2200253Ia 4500
001 Para_5753
003 CHAP
008 220125s1999 xx 000 0 und d
010 _a204248
040 _cCHAP
082 _aPA 334.972 M49
110 _aMéxico. Dirección General de Organización de Productores
_977018
245 _aLey general de sociedades cooperativas /
_c por D.G.O.P.
260 _aMéxico :
_b La Dirección
300 _a32 p.
440 _a1.Sociedades cooperativas-México
_9170210
901 _aPA 334.972 M49
902 _aA
905 _a00000019-- 0000000000 00
910 _a19--
942 _cPARA
942 _cPARA
_d1
999 _c204248
_d204248